000 00956nas a2200301 4500
001 BR8305233
003 BR-BrBNA
005 20231205085704.0
007 ta
008 230509b bl.|||p| |||| 00| 00por d
040 _aBR-BrBNA
_bpor
_cBiblioteca Nacional de Agricultura
041 _a(Pt)
072 _aL50
100 1 _aMiraglia, T.
100 1 _aMoura, C.S.
100 1 _aNery, J.W. da C.
100 1 _aNascimento, R.J.M.
245 1 _aNota sobre a atividade histoquimica do esofago de saguis (Callithrix jacchus e Callithrix penicillata)[Bahia, Brasil]
650 _aSAGUI
650 _aESOFAGO
650 _aFISIOLOGIA ANIMAL
650 _aHISTOQUIMICA
650 _aMETABOLISMO ANIMAL
650 _aBAHIA
773 0 _tArquivos da Escola de Medicina Veterinaria da Universidade Federal da Bahia (Brazil)
_xISSN 0100-2597
_g(1983), v. 8(1) p. 21-32
_wBR8305233
909 _a202311
_bLúcia
_c55
_dLúcia Elande
942 _2AGRIS
_n0
_cANA
999 _c113089
_d113089